Structural analysis / (Record no. 588848)

000 -LEADER
fixed length control field 00797nam a22003135i 4500
001 - CONTROL NUMBER
control field 17861003
003 - CONTROL NUMBER IDENTIFIER
control field NUST
005 - DATE AND TIME OF LATEST TRANSACTION
control field 20220318111730.0
008 - FIXED-LENGTH DATA ELEMENTS--GENERAL INFORMATION
fixed length control field 130822s2013 ohu 000 0 eng
010 ## - LIBRARY OF CONGRESS CONTROL NUMBER
LC control number 2013948647
020 ## - INTERNATIONAL STANDARD BOOK NUMBER
International Standard Book Number 9781133943891
038 ## - RECORD CONTENT LICENSOR
Staff Name SAIF
040 ## - CATALOGING SOURCE
Original cataloging agency DLC
Language of cataloging eng
Description conventions rda
Transcribing agency DLC
042 ## - AUTHENTICATION CODE
Authentication code pcc
082 ## - DEWEY DECIMAL CLASSIFICATION NUMBER
Edition number 624.171
Classification number 23
Author Mark KAS
100 1# - MAIN ENTRY--PERSONAL NAME
Personal name Kassimali, Aslam.
245 10 - TITLE STATEMENT
Title Structural analysis /
Statement of responsibility, etc. Aslam Kassimali.
250 ## - EDITION STATEMENT
Edition statement 5th Ed.
263 ## - PROJECTED PUBLICATION DATE
Projected publication date 1312
264 #1 - PRODUCTION, PUBLICATION, DISTRIBUTION, MANUFACTURE, AND COPYRIGHT NOTICE
Place of production, publication, distribution, manufacture Mason, OH :
Name of producer, publisher, distributor, manufacturer Cengage Learning,
Date of production, publication, distribution, manufacture, or copyright notice 2013.
300 ## - PHYSICAL DESCRIPTION
Extent pages cm
336 ## - CONTENT TYPE
Content type term text
Source rdacontent
337 ## - MEDIA TYPE
Media type term unmediated
Source rdamedia
338 ## - CARRIER TYPE
Carrier type term volume
Source rdacarrier
563 ## - BINDING INFORMATION
Binding note H.B
906 ## - LOCAL DATA ELEMENT F, LDF (RLIN)
a 0
b ibc
c orignew
d 2
e epcn
f 20
g y-gencatlg
942 ## - ADDED ENTRY ELEMENTS (KOHA)
Source of classification or shelving scheme
Koha item type Book
Holdings
Withdrawn status Lost status Source of classification or shelving scheme Damaged status Not for loan Permanent Location Current Location Date acquired Total Checkouts Full call number Barcode Date last seen Date last checked out Price effective from Koha item type
          School of Civil and Environmental Engineering (SCEE) School of Civil and Environmental Engineering (SCEE) 03/18/2022 4 624.171 KAS NIT-13573 01/10/2025 09/18/2024 03/18/2022 Book
© 2023 Central Library, National University of Sciences and Technology. All Rights Reserved.